• Centre pastoral des missions à l'intérieur (Paris, Francia)

di Corporate Name

Records bibliografici associati: 1

001 - CONTROL NUMBER

  • control field: 55590

003 - CONTROL NUMBER IDENTIFIER

  • control field: IT-RoINE

005 - DATE AND TIME OF LATEST TRANSACTION

  • control field: 20181218102511.0

008 - FIXED-LENGTH DATA ELEMENTS

  • fixed length control field: 181218|| aca||aabn | a|a d

040 ## - CATALOGING SOURCE

  • Original cataloging agency: IT-RoINE
  • Transcribing agency: IT-RoINE

110 ## - HEADING--CORPORATE NAME

  • Corporate name or jurisdiction name as entry element: Centre pastoral des missions à l'intérieur (Paris, Francia)

410 ## - SEE FROM TRACING--CORPORATE NAME

  • Corporate name or jurisdiction name as entry element: CPMI

410 ## - SEE FROM TRACING--CORPORATE NAME

  • Corporate name or jurisdiction name as entry element: Centro pastorale per le missioni interne

670 ## - SOURCE DATA FOUND

  • Source citation: Work cat.: (IT-RoINE)0: Buffon, Giuseppe, O.F.M., 1963- 55588, La Chiesa nello specchio del mondo : , 2015.